Motorcycle Logos Quiz #2 - Statistics

General Stats
  • This quiz has been taken 113 times
  • The average score is 4 of 9
Answer Stats
Picture Answer % Correct
KTM
96%
Indian
79%
MV Agusta
50%
Royal Enfield
34%
Moto Guzzi
31%
Gas Gas
22%
Husqvarna
22%
Benelli
15%
Zero Motorcycles
2%
No matching quizzes found
Score Distribution
Percent of People with Each Score
Percentile by Number Answered
Your Score History
You have not taken this quiz